| 000 | 01325nam0a22003251 4500 | ||
|---|---|---|---|
| 001 | rc\3523233 | ||
| 005 | 20250610031616.0 | ||
| 021 |
_aRU _b[72-15339] |
||
| 035 | _a(NLR Aleph) 007662146 | ||
| 090 |
_a6343224 _c6343224 |
||
| 100 | _a20130115d1971 |||y0rusy50 ca | ||
| 101 | 0 | _arus | |
| 102 | _aRU | ||
| 105 | _ay z ||||| | ||
| 200 | 1 |
_aБеседы о Коммунистической партии, ее Программе и Уставе _eУчеб. пособие для школ молодых коммунистов _f[Редколлегия: канд. ист. наук, доц. Н.И. Пахомов (отв. ред.) и др.] |
|
| 210 |
_aМинск _cБеларусь _d1971 |
||
| 215 |
_a271 с. _d21 |
||
| 300 | _aВ огл. авт.: Пахомов Н.И., Акимов Н.Н., Шлопак Р.Т. и др. | ||
| 320 | _aСписки лит. в конце бесед | ||
| 601 | 0 | 2 |
_aКПСС _jУстав _jСборники _2psbo |
| 601 | 0 | 2 |
_aКПСС _jСборники _2psbo |
| 601 | 0 | 2 |
_aКПСС _xПрограмма _jСборники _2psbo |
| 701 | 1 |
_aАкимов _bН.Н. |
|
| 701 | 1 |
_aПахомов _bН.И. _gНиколай Ильич _4340 |
|
| 701 | 1 |
_aШлопак _bР.Т. |
|
| 801 | 0 |
_aRU _bNLR _gpsbo |
|
| 801 | 1 |
_aRU _bELAR _2rusmarc |
|
| 852 |
_aNLR _j72-3/2371 |
||
| 942 | _cBOOK | ||
| 980 | _aNB | ||